000 01905nam a22002537a 4500
003 NALT
005 20251125233124.0
008 s2558 th o tha d
020 _a9789749614945
040 _aNALT
086 _aสผ 40 7.3 353 2558
090 _aAA 560.T52
_bส226ส 2558
110 2 _aสำนักงานเลขาธิการสภาผู้แทนราษฎร ปฏิบัติหน้าที่สำนักงานเลขาธิการสภาปฏิรูปแห่งชาติ
_91766
245 1 0 _aสภาปฏิรูปแห่งชาติ วาระปฏิรูปที่ 3 :
_bการปรับโครงสร้างอำนาจส่วนกลาง ส่วนภูมิภาค และส่วนท้องถิ่น /
_cสำนักงานเลขาธิการสภาผู้แทนราษฎร ปฏิบัติหน้าที่สำนักงานเลขาธิการสภาปฏิรูปแห่งชาติ.
260 _aกรุงเทพฯ :
_bสำนักการพิมพ์ สำนักงานเลขาธิการสภาผู้แทนราษฎร,
_c2558.
300 _a24 หน้า :
_bแผนภูมิ ;
_c30 ซม.
610 2 4 _aคณะกรรมาธิการปฏิรูปการบริหารราชการแผ่นดิน สภาปฏิรูปแห่งชาติ
_xรายงาน
_915296
650 4 _aการบริหารรัฐกิจ
_zไทย
_916498
650 4 _aการปฏิรูประบบราชการ
_zไทย
_915024
850 _aNALT
856 4 0 _uhttps://hdl.handle.net/20.500.14156/454609
942 _cPAR
_2local
999 _c74164
_d74164
998 _j104
_k นางสาวสายฝน ดีงาม